Fortran 77 : featuring structured programming /
Guardado en:
| Autor Principal: | |
|---|---|
| Otros Autores: | |
| Formato: | Libro |
| Idioma: | English |
| Publicado: |
Reading, Mass. :
Addison-Wesley,
c1980.
|
| Edición: | [3 ed.]. |
| Series: | Addison - Wesley series in computer science
|
| Materias: | |
| Etiquetas: |
Agregar Etiqueta
Sin Etiquetas, Sea el primero en etiquetar este registro!
|
| LEADER | 00978cam a22002535a 4500 | ||
|---|---|---|---|
| 001 | EIQ.libpla001211 | ||
| 008 | 790111s1980####maua##########001#0#eng#d | ||
| 005 | 20060818142118.0 | ||
| 245 | 1 | 0 | |a Fortran 77 : |b featuring structured programming / |c Loren P. Meissner, Elliott I. Organick. |
| 250 | |a [3 ed.]. | ||
| 260 | |a Reading, Mass. : |b Addison-Wesley, |c c1980. | ||
| 300 | |a xi, 500 p. : |b il. ; |c 24 cm. | ||
| 490 | 0 | |a Addison - Wesley series in computer science | |
| 500 | |a Second ed. (1974) publicada bajo el título: Fortran IV. | ||
| 500 | |a Incluye índice. | ||
| 020 | |a 020105499X | ||
| 100 | 1 | |a Meissner, Loren P. | |
| 700 | 1 | |a Organick, Elliott Irving, |d 1925- | |
| 082 | 0 | 0 | |a 001.6/424 |
| 650 | 4 | |a FORTRAN 77 (Lenguaje programación de computadores) |x Programación estructurada. | |
| 650 | 4 | |a FORTRAN 77 (Computer program language) |x Structured programming. | |
| 010 | |a 78074689 | ||
| 040 | |a DLC |c DLC |d AR-BbSID | ||
| 859 | |a AR-BbSID |b BIB. PLAPIQUI |h 001.642 4 |i M 475 |p 3430 | ||
